The Friday Multiple Choice Quiz (General Knowledge) #10 - Statistics

General Stats
  • This quiz has been taken 58 times
  • The average score is 5 of 10
Answer Stats
Question Answer % Correct
Which 2019 film featured actors portraying Roman Polanski, Sharon Tate and Steve McQueen? Once Upon A Time In Hollywood
82%
In 1984 a Canadian farmer started renting out advertising space on what? His cows
72%
On Super Saturday at the London Olympics in 2012, which three British athletes won track and field gold medals? Jessica Ennis, Mo Farah and Greg Rutherford
62%
In which country is the world's largest man made port? United Arab Emirates
62%
In the UK, whose report led to the 1848 Public Health Act? Edwin Chadwick
52%
What was the actor Richard Burton's surname when he was born? Jenkins
50%
Which 18th century poet wrote the line "To err is human; to forgive, divine" ? Alexander Pope
40%
Formed in 1967, which English band featured Richard Thompson and Ashley Hutchings? Fairport Convention
34%
Which English Football Team began life in 1886 as Dial Square Football Club? Arsenal
30%
How many countries does the River Danube either run through or border? 10
18%
No matching quizzes found
Score Distribution
Percent of People with Each Score
Percentile by Number Answered
Your Score History
You have not taken this quiz